[Event "Tula Afromeevoi mem"]
[Site "Tula RUS"]
[Date "2006.07.05"]
[Round "9"]
[White "Saulin, Dmitri"]
[Black "Sambuev, Bator"]
[Result "1/2-1/2"]
[WhiteElo "2471"]
[BlackElo "2489"]
[PlyCount "64"]
[EventDate "2006.06.30"]
[EventType "tourn"]
[EventRounds "15"]
[EventCountry "RUS"]
[Source "ChessBase"]
[SourceDate "2007.11.25"]

1. c4 Nf6 2. Nc3 e5 3. Nf3 Nc6 4. g3 Bb4 5. Nd5 Bc5 6. Bg2 O-O 7. O-O d6 8. d3
Nxd5 9. cxd5 Nd4 10. Nxd4 Bxd4 11. e3 Bb6 12. b4 Bd7 13. a4 a5 14. b5 f5 15.
Bd2 Qg5 16. Rc1 Qg4 17. Qxg4 fxg4 18. e4 Bc5 19. Be3 b6 20. Rc4 h5 21. Bxc5
bxc5 22. Rc2 g5 23. f3 h4 24. Rcf2 h3 25. Bh1 gxf3 26. Bxf3 g4 27. Bd1 Rxf2 28.
Rxf2 Rf8 29. Rb2 Rb8 30. Kf1 Kg7 31. Rf2 Rf8 32. Rxf8 Kxf8 1/2-1/2

[Event "Tula Afromeevoi mem"]
[Site "Tula RUS"]
[Date "2006.07.06"]
[Round "10"]
[White "Sambuev, Bator"]
[Black "Zaitsev, Alexander Jr"]
[Result "0-1"]
[WhiteElo "2489"]
[BlackElo "2431"]
[PlyCount "80"]
[EventDate "2006.06.30"]
[EventType "tourn"]
[EventRounds "15"]
[EventCountry "RUS"]
[Source "ChessBase"]
[SourceDate "2007.11.25"]

1. e4 e5 2. Nf3 Nf6 3. Nc3 Bb4 4. a3 Bxc3 5. dxc3 O-O 6. Bg5 h6 7. Bh4 d6 8.
Bd3 Na6 9. Nd2 Nc5 10. f3 Be6 11. O-O Qe7 12. Bf2 Nh5 13. Be3 Nf4 14. Bxf4 exf4
15. Qe2 Qg5 16. a4 Rfe8 17. b4 Nd7 18. Nc4 Nf6 19. Na5 b6 20. Nb3 a5 21. Bb5
Re7 22. Nd4 Bc8 23. bxa5 bxa5 24. Rfb1 Nd7 25. Bc6 Ra7 26. Bd5 Ra6 27. Bb7 Bxb7
28. Rxb7 Nc5 29. Rb8+ Kh7 30. Qc4 Qg6 31. Nf5 Re5 32. Qb5 Qg5 33. Nd4 d5 34. h4
Qxh4 35. Qxc5 Rg6 36. Qf8 Rxg2+ 37. Kxg2 Rg5+ 38. Kf1 dxe4 39. Re1 Qh2 40. Qh8+
Kg6 0-1

[Event "Tula Afromeevoi mem"]
[Site "Tula RUS"]
[Date "2006.07.06"]
[Round "11"]
[White "Sergeev, Gennady"]
[Black "Sambuev, Bator"]
[Result "0-1"]
[WhiteElo "2269"]
[BlackElo "2489"]
[PlyCount "110"]
[EventDate "2006.06.30"]
[EventType "tourn"]
[EventRounds "15"]
[EventCountry "RUS"]
[Source "ChessBase"]
[SourceDate "2007.11.25"]

1. Nf3 Nf6 2. g3 d5 3. Bg2 c6 4. O-O Bg4 5. d3 Nbd7 6. Nbd2 e5 7. e4 dxe4 8.
dxe4 Bc5 9. Qe1 O-O 10. h3 Bh5 11. Nb3 Bb6 12. a4 a5 13. Be3 Bxf3 14. Bxf3 Bxe3
15. Qxe3 Qe7 16. Rfd1 Qb4 17. Ra3 b6 18. c3 Qe7 19. Be2 Rfd8 20. Qf3 Qe6 21.
Kg2 Ne8 22. Bd3 Nd6 23. Nd2 Nc5 24. Bc2 Qg6 25. Raa1 h6 26. b3 Qg5 27. b4 axb4
28. cxb4 Ne6 29. a5 bxa5 30. bxa5 Nd4 31. Qd3 Qf6 32. Nb3 N6b5 33. Nxd4 Nxd4
34. Ra4 h5 35. a6 h4 36. Bb3 hxg3 37. fxg3 Ra7 38. Bc4 Qg5 39. Rb4 Kh7 40. Rb7
Rxb7 41. axb7 Rb8 42. Rb1 Qe7 43. Ba6 Kg8 44. Qd1 Qe6 45. Rb2 c5 46. Qa4 Qf6
47. Qa3 Qg6 48. Bd3 c4 49. Bb1 Qc6 50. Qa7 Qc7 51. Qb6 Qxb6 52. Rxb6 c3 53. h4
Kf8 54. Bd3 Ke7 55. g4 c2 0-1

[Event "Tula Afromeevoi mem"]
[Site "Tula RUS"]
[Date "2006.07.07"]
[Round "12"]
[White "Sambuev, Bator"]
[Black "Domogaev, Sergey"]
[Result "0-1"]
[WhiteElo "2489"]
[BlackElo "2357"]
[PlyCount "98"]
[EventDate "2006.06.30"]
[EventType "tourn"]
[EventRounds "15"]
[EventCountry "RUS"]
[Source "ChessBase"]
[SourceDate "2007.11.25"]

1. d4 Nf6 2. c4 g6 3. Nc3 Bg7 4. e4 d6 5. Be2 O-O 6. f4 c5 7. d5 e6 8. Nf3 exd5
9. cxd5 Bg4 10. O-O Nbd7 11. Re1 Re8 12. h3 Bxf3 13. Bxf3 Qa5 14. Be3 b5 15. a3
Nb6 16. e5 Nc4 17. exf6 Nxe3 18. Rxe3 Rxe3 19. fxg7 Rae8 20. f5 b4 21. axb4
Qxb4 22. Qd2 Qh4 23. fxg6 hxg6 24. Rf1 a6 25. Qf2 Qd4 26. Kh1 R8e5 27. Be2 Rf5
28. Qg1 Rxf1 29. Qxf1 a5 30. Bb5 Re7 31. Nd1 Re5 32. Nc3 Re3 33. Ba6 Kxg7 34.
Qg1 a4 35. Nd1 Re5 36. Qxd4 cxd4 37. Kh2 Rxd5 38. Kg3 f5 39. Kf4 Kf6 40. Bd3
g5+ 41. Kf3 Rc5 42. Nf2 Re5 43. Nd1 Ke6 44. g4 f4 45. Bc2 d5 46. Bxa4 d3 47. h4
gxh4 48. Nf2 h3 49. Bd1 Re1 0-1

[Event "Tula Afromeevoi mem"]
[Site "Tula RUS"]
[Date "2006.07.08"]
[Round "13"]
[White "Rychagov, Andrey"]
[Black "Sambuev, Bator"]
[Result "1/2-1/2"]
[WhiteElo "2542"]
[BlackElo "2489"]
[PlyCount "71"]
[EventDate "2006.06.30"]
[EventType "tourn"]
[EventRounds "15"]
[EventCountry "RUS"]
[Source "ChessBase"]
[SourceDate "2007.11.25"]

1. d4 Nf6 2. Nf3 e6 3. Bf4 c5 4. c3 d5 5. e3 Nc6 6. Nbd2 Bd6 7. Bg3 O-O 8. Bd3
Qe7 9. Ne5 Bxe5 10. dxe5 Nd7 11. Nf3 f6 12. exf6 Nxf6 13. Ne5 Nxe5 14. Bxe5 Ng4
15. Bg3 Nf6 16. Bh4 e5 17. Qh5 e4 18. Bc2 Be6 19. O-O Qd7 20. Bxf6 Rxf6 21.
Rad1 Rf5 22. Qe2 Re5 23. Bb3 b5 24. f4 Rf5 25. Rd2 Rd8 26. Bc2 Qe8 27. Rfd1 Rc8
28. Bb3 c4 29. Bc2 Qg6 30. Rd4 a5 31. Qd2 Rh5 32. b3 Rf8 33. bxc4 bxc4 34. Rb1
Qf6 35. Rb5 Qh6 36. g3 1/2-1/2

[Event "Tula Afromeevoi mem"]
[Site "Tula RUS"]
[Date "2006.07.08"]
[Round "14"]
[White "Arakeljan, Armen M"]
[Black "Sambuev, Bator"]
[Result "1/2-1/2"]
[WhiteElo "2314"]
[BlackElo "2489"]
[PlyCount "59"]
[EventDate "2006.06.30"]
[EventType "tourn"]
[EventRounds "15"]
[EventCountry "RUS"]
[Source "ChessBase"]
[SourceDate "2007.11.25"]

1. d4 Nf6 2. c4 e6 3. Nf3 b6 4. g3 Ba6 5. b3 Bb4+ 6. Bd2 Be7 7. Bg2 c6 8. Bc3
d5 9. Nbd2 Nbd7 10. O-O O-O 11. Re1 c5 12. e4 dxe4 13. Nxe4 Nxe4 14. Rxe4 Bb7
15. Re3 Bf6 16. dxc5 Bxc3 17. Rxc3 Nxc5 18. Qe2 Qf6 19. Qe5 Qxe5 20. Nxe5 Bxg2
21. Kxg2 f6 22. Nc6 Rf7 23. Rd1 Rc7 24. Nb4 a5 25. Nc2 Rcc8 26. Kf3 Rd8 27.
Rxd8+ Rxd8 28. Ke3 Rd1 29. a3 Rc1 30. b4 1/2-1/2

[Event "Tula Afromeevoi mem"]
[Site "Tula RUS"]
[Date "2006.07.09"]
[Round "15"]
[White "Sambuev, Bator"]
[Black "Pendurin, Evgeniy"]
[Result "1-0"]
[WhiteElo "2489"]
[BlackElo "2114"]
[PlyCount "111"]
[EventDate "2006.06.30"]
[EventType "tourn"]
[EventRounds "15"]
[EventCountry "RUS"]
[Source "ChessBase"]
[SourceDate "2007.11.25"]

1. e4 e5 2. Nf3 Nf6 3. Nxe5 d6 4. Nf3 Nxe4 5. d4 d5 6. Bd3 Nc6 7. O-O Be7 8. c4
Nb4 9. Be2 O-O 10. Nc3 Bf5 11. a3 Nxc3 12. bxc3 Nc6 13. Re1 Re8 14. Bf4 dxc4
15. Bxc4 Bd6 16. Rxe8+ Qxe8 17. Ng5 Bg6 18. Bxd6 cxd6 19. h4 Qe7 20. Qg4 h6 21.
Nh3 Qf6 22. Re1 Bf5 23. Qf3 Rc8 24. g4 Bd7 25. Qxf6 gxf6 26. Be2 Ne7 27. Nf4
Kf8 28. c4 Nc6 29. Rb1 Re8 30. f3 Re3 31. a4 Ra3 32. Nd5 f5 33. Nf6 Bc8 34. Kf2
fxg4 35. fxg4 Rxa4 36. g5 hxg5 37. hxg5 Ra3 38. Bf3 Ra2+ 39. Kg3 Ra5 40. Bxc6
bxc6 41. d5 Ra3+ 42. Kf4 cxd5 43. Rc1 Be6 44. Rb1 Ke7 45. Rb8 Bd7 46. Rb7 dxc4
47. Rxd7+ Ke6 48. Rd8 d5 49. Rxd5 a5 50. Re5+ Kd6 51. Ne4+ Kd7 52. Rc5 c3 53.
Ke5 a4 54. Kf6 c2 55. Kxf7 Re3 56. Nf6+ 1-0

[Event "Geller mem"]
[Site "Moscow RUS"]
[Date "2006.05.04"]
[Round "1"]
[White "Sambuev, Bator"]
[Black "Khruschiov, Alexey"]
[Result "0-1"]
[WhiteElo "2489"]
[BlackElo "2408"]
[PlyCount "52"]
[EventDate "2006.05.04"]
[EventType "tourn"]
[EventRounds "13"]
[EventCountry "RUS"]
[EventCategory "10"]
[Source "Mark Crowther"]
[SourceDate "2006.06.05"]

1. e4 e5 2. Nf3 Nc6 3. Bb5 a6 4. Ba4 Nf6 5. O-O Be7 6. Re1 b5 7. Bb3 O-O 8. c3
d5 9. exd5 Nxd5 10. Nxe5 Nxe5 11. Rxe5 c6 12. Re1 Bd6 13. d4 Qh4 14. g3 Qh3 15.
Re4 g5 16. Qf1 Qh5 17. Nd2 f5 18. Re1 f4 19. Ne4 Bh3 20. Qd3 Rae8 21. Bd2 Bf5
22. c4 Ne3 23. c5+ Kg7 24. Bxe3 Bxe4 25. Bd1 fxg3 26. fxg3 Qh3 0-1

[Event "Geller mem"]
[Site "Moscow RUS"]
[Date "2006.05.05"]
[Round "3"]
[White "Sambuev, Bator"]
[Black "Dvalishvili, Pavel"]
[Result "1/2-1/2"]
[WhiteElo "2489"]
[BlackElo "2455"]
[PlyCount "192"]
[EventDate "2006.05.04"]
[EventType "tourn"]
[EventRounds "13"]
[EventCountry "RUS"]
[EventCategory "10"]
[Source "Mark Crowther"]
[SourceDate "2006.06.05"]

1. e4 e5 2. Nf3 Nf6 3. Nxe5 d6 4. Nf3 Nxe4 5. Nc3 Nxc3 6. dxc3 Be7 7. Be3 c6 8.
Qd2 Qa5 9. Be2 O-O 10. Nd4 Nd7 11. O-O Nf6 12. Bf4 Re8 13. Bd3 Bd7 14. b4 Qh5
15. c4 a5 16. b5 d5 17. bxc6 bxc6 18. Rfe1 Bf8 19. Rxe8 Rxe8 20. Be2 Qg6 21.
Bf3 Bb4 22. c3 Bf8 23. cxd5 cxd5 24. Qb2 h6 25. h4 Bg4 26. Qb5 Bxf3 27. Nxf3
Qf5 28. Be3 Ra8 29. Bd4 a4 30. c4 Rc8 31. c5 Qc2 32. Qb7 Rxc5 33. Bxc5 Bxc5 34.
Qb8+ Kh7 35. Qb1 Qxb1+ 36. Rxb1 Ne4 37. Rb7 Bxf2+ 38. Kf1 Be3 39. Rxf7 Nc3 40.
Rd7 a3 41. Ne1 Nxa2 42. Nc2 Bc5 43. Rxd5 Be7 44. h5 Nb4 45. Nxb4 Bxb4 46. Rd8
Bc5 47. Rc8 Bd6 48. Ra8 Bc5 49. Ke2 Bb4 50. Kd3 Be7 51. Kc4 Bd6 52. Kd5 Bb4 53.
Ke6 Bc5 54. Ra4 Bf8 55. Rc4 a2 56. Ra4 Bc5 57. Rxa2 Bd4 58. Rd2 Bf6 59. Rd7 Bb2
60. g4 Bf6 61. Kf5 Bg5 62. Rf7 Bc1 63. Ke6 Bd2 64. Rf2 Bc1 65. Kf7 Bg5 66. Kf8
Bc1 67. Rc2 Bf4 68. Rc6 Be3 69. Kf7 Bf4 70. Rg6 Be5 71. g5 hxg5 72. Rxg5 Bf6
73. Rg6 Bd4 74. Ke6 Be3 75. Rg3 Bd4 76. Rd3 Bb2 77. Kf5 Bc1 78. Rc3 Bd2 79. Rc2
Be3 80. Re2 Bc1 81. h6 Bxh6 82. Rh2 Kg8 83. Kg6 Kf8 84. Re2 Bc1 85. Rc2 Bh6 86.
Rc7 Ke8 87. Kf5 Kd8 88. Rf7 Kc8 89. Ke6 Kd8 90. Kd6 Ke8 91. Rd7 Kf8 92. Ke6 Bg5
93. Rc7 Kg8 94. Rc8+ Kh7 95. Kf7 Bf6 96. Rc1 Kh6 1/2-1/2

[Event "Geller mem"]
[Site "Moscow RUS"]
[Date "2006.05.07"]
[Round "6"]
[White "Glek, Igor"]
[Black "Sambuev, Bator"]
[Result "1/2-1/2"]
[WhiteElo "2560"]
[BlackElo "2489"]
[PlyCount "38"]
[EventDate "2006.05.04"]
[EventType "tourn"]
[EventRounds "13"]
[EventCountry "RUS"]
[EventCategory "10"]
[Source "Mark Crowther"]
[SourceDate "2006.06.05"]

1. e4 e6 2. d4 d5 3. Nc3 Nf6 4. e5 Nfd7 5. f4 c5 6. Nf3 Nc6 7. Be3 a6 8. Qd2 b5
9. a3 g5 10. fxg5 cxd4 11. Nxd4 Ncxe5 12. Bd3 Bg7 13. O-O Bb7 14. Nce2 Ng4 15.
g6 hxg6 16. Nxe6 Be5 17. Nxd8 Bxh2+ 18. Kh1 Bf4+ 19. Kg1 Bh2+ 1/2-1/2

[Event "Geller mem"]
[Site "Moscow RUS"]
[Date "2006.05.09"]
[Round "8"]
[White "Castaneda, Gina"]
[Black "Sambuev, Bator"]
[Result "1-0"]
[WhiteElo "2451"]
[BlackElo "2489"]
[PlyCount "97"]
[EventDate "2006.05.04"]
[EventType "tourn"]
[EventRounds "13"]
[EventCountry "RUS"]
[EventCategory "10"]
[Source "Mark Crowther"]
[SourceDate "2006.06.05"]

1. d4 Nf6 2. Nf3 e6 3. e3 c5 4. Bd3 d5 5. b3 Bd6 6. O-O O-O 7. c4 cxd4 8. exd4
b6 9. Nc3 Bb7 10. Bg5 dxc4 11. bxc4 Nbd7 12. Re1 Qb8 13. Rb1 Bf4 14. Bh4 Qd6
15. Nb5 Qc6 16. Rb3 h6 17. Qe2 Rfe8 18. a4 e5 19. d5 Qc5 20. Bf5 e4 21. Nd2 a6
22. Na3 Qd4 23. Nf1 e3 24. fxe3 Bxh2+ 25. Nxh2 Qxh4 26. Nf3 Qh5 27. Nd4 Qg5 28.
Qf2 Bc8 29. e4 Ne5 30. Rg3 Neg4 31. Qf3 Qh4 32. Nac2 Ne5 33. Qf2 Nfg4 34. Bxg4
Nxg4 35. Qf4 Bd7 36. Nf3 Qh5 37. Ne3 Ne5 38. Qf6 g6 39. Rf1 Nxf3+ 40. Rfxf3 g5
41. e5 Qg6 42. Qxg6+ fxg6 43. e6 Bxa4 44. Ng4 Re7 45. Nxh6+ Kg7 46. Nf7 Bd1 47.
Re3 Kf6 48. Nxg5 Bc2 49. d6 1-0

[Event "Geller mem"]
[Site "Moscow RUS"]
[Date "2006.05.09"]
[Round "9"]
[White "Sambuev, Bator"]
[Black "Novikov, Maxim"]
[Result "1-0"]
[WhiteElo "2489"]
[BlackElo "2489"]
[PlyCount "69"]
[EventDate "2006.05.04"]
[EventType "tourn"]
[EventRounds "13"]
[EventCountry "RUS"]
[EventCategory "10"]
[Source "Mark Crowther"]
[SourceDate "2006.06.05"]

1. d4 d5 2. c4 e6 3. Nc3 Nf6 4. Bg5 c6 5. Nf3 h6 6. Bh4 dxc4 7. e4 g5 8. Bg3 b5
9. h4 g4 10. Ne5 Bb7 11. Be2 Nbd7 12. Nxg4 Nxg4 13. Bxg4 Bg7 14. O-O b4 15. Na4
Qe7 16. a3 O-O 17. axb4 f5 18. exf5 exf5 19. Re1 Qxb4 20. Bh3 f4 21. Bh2 Rad8
22. Qg4 Bc8 23. Qg6 Rf6 24. Qe4 Qf8 25. Be6+ Kh8 26. Bxc4 Nb6 27. Nxb6 axb6 28.
Ra8 Bf5 29. Rxd8 Qxd8 30. Qxf4 Rf8 31. Qd6 b5 32. Bb3 Qa5 33. Rd1 Rd8 34. Qxc6
Bg4 35. Be5 1-0

[Event "Moscow-ch prelim KO"]
[Site "Moscow RUS"]
[Date "2006.03.20"]
[Round "1.2"]
[White "Kharitonov, Alexandr"]
[Black "Sambuev, Bator"]
[Result "1-0"]
[WhiteElo "2535"]
[BlackElo "2489"]
[PlyCount "179"]
[EventDate "2006.03.20"]
[EventType "k.o."]
[EventRounds "2"]
[EventCountry "RUS"]
[Source "Mark Crowther"]
[SourceDate "2006.04.10"]

1. d4 Nf6 2. c4 e6 3. Nc3 Bb4 4. Qc2 d5 5. cxd5 Qxd5 6. Nf3 Qf5 7. Qxf5 exf5 8.
a3 Be7 9. Bf4 c6 10. e3 Be6 11. Bd3 h6 12. Nd2 Nbd7 13. Nc4 Nb6 14. Na5 O-O-O
15. h3 Nfd5 16. Nxd5 Nxd5 17. Be5 Bf6 18. Bxf6 Nxf6 19. g3 Kb8 20. Rc1 Bd5 21.
Rg1 Ne4 22. h4 Rhe8 23. f3 Nd6 24. Kf2 h5 25. Rge1 g6 26. b4 Rc8 27. a4 Re6 28.
Rc3 b6 29. Nb3 Rce8 30. Nd2 f6 31. a5 bxa5 32. bxa5 g5 33. Nb3 g4 34. fxg4 hxg4
35. Nc5 R6e7 36. Rb1+ Kc7 37. Bf1 f4 38. exf4 Ne4+ 39. Nxe4 Rxe4 40. Rd1 Kd6
41. Rd2 R4e6 42. Be2 f5 43. Bd1 Re1 44. Re2 R8xe2+ 45. Bxe2 Ra1 46. a6 Be4 47.
Rb3 Ra2 48. Ke3 Bd5 49. Rb8 Ra3+ 50. Kf2 Ra2 51. Re8 Rb2 52. h5 Bf7 53. Re5
Bxh5 54. Rxf5 Be8 55. Re5 Bf7 56. Rc5 Bd5 57. Ke3 Rb3+ 58. Bd3 Ke6 59. Kd2 Ra3
60. Rc2 Ra4 61. Ke3 Ra3 62. Rc1 Kd6 63. f5 Ke7 64. Rd1 Kf6 65. Kf4 Ra4 66. Be4
Bxe4 67. Kxe4 c5 68. Kf4 cxd4 69. Rd3 Rxa6 70. Rxd4 Rb6 71. Kxg4 a5 72. Rd5 a4
73. Ra5 Rb4+ 74. Kh5 Rb3 75. Kh4 Rb1 76. g4 Rh1+ 77. Kg3 Kg5 78. Rxa4 Rb1 79.
Kf3 Rf1+ 80. Ke3 Re1+ 81. Kd3 Re8 82. Re4 Ra8 83. Kd4 Ra5 84. Kc4 Ra8 85. Kd5
Rd8+ 86. Kc5 Rd7 87. Rd4 Re7 88. Kd6 Re8 89. Kd7 Re1 90. Rd6 1-0

[Event "Voronezh op"]
[Site "Voronezh RUS"]
[Date "2005.06.12"]
[Round "1"]
[White "Manelis, Vladimir"]
[Black "Sambuev, Bator"]
[Result "1/2-1/2"]
[WhiteElo "2309"]
[BlackElo "2505"]
[PlyCount "71"]
[EventDate "2005.06.12"]
[EventType "swiss"]
[EventRounds "9"]
[EventCountry "RUS"]
[Source "Mark Crowther"]
[SourceDate "2005.06.27"]

1. e4 e6 2. d4 d5 3. Nc3 Bb4 4. e5 c5 5. a3 Ba5 6. b4 cxd4 7. Nb5 Bc7 8. Nf3
Nc6 9. Nxc7+ Qxc7 10. Bb5 Nge7 11. Bb2 O-O 12. Bxd4 Nxd4 13. Qxd4 f6 14. O-O a6
15. Bd3 Nc6 16. Qh4 g5 17. Qh5 Qf7 18. Qxf7+ Kxf7 19. exf6 Kxf6 20. c4 h6 21.
h3 Bd7 22. Rfe1 Rfc8 23. Rac1 Be8 24. Rc2 Bh5 25. g4 Bf7 26. Rce2 Rc7 27. Kg2
dxc4 28. Bxc4 Nxb4 29. Ne5 Rxc4 30. axb4 Rc7 31. Nxf7 Kxf7 32. Rxe6 Kg7 33. Rb6
a5 34. bxa5 Rxa5 35. Ree6 Ra2 36. Rg6+ 1/2-1/2

[Event "Aeroflot op-B"]
[Site "Moscow RUS"]
[Date "2005.02.15"]
[Round "1"]
[White "Sepp, Olav"]
[Black "Sambuev, Bator"]
[Result "0-1"]
[WhiteElo "2451"]
[BlackElo "2536"]
[PlyCount "98"]
[EventDate "2005.02.15"]
[EventType "swiss"]
[EventRounds "9"]
[EventCountry "RUS"]
[Source "Mark Crowther"]
[SourceDate "2005.05.30"]

1. e4 e6 2. d3 c5 3. g3 Nc6 4. Bg2 g6 5. f4 d6 6. Nf3 Bg7 7. c3 Nge7 8. O-O O-O
9. Be3 b5 10. d4 cxd4 11. cxd4 Bb7 12. Nc3 b4 13. Ne2 Na5 14. Nd2 Rc8 15. a3
Nc4 16. Nxc4 Rxc4 17. b3 Rc8 18. axb4 Qb6 19. Qd2 Ba6 20. Rf2 Bxe2 21. Rxe2 Nc6
22. d5 Qb5 23. Rae1 exd5 24. Qxd5 Qxd5 25. exd5 Nd4 26. Bxd4 Bxd4+ 27. Kf1 Bc3
28. Rc1 Bxb4 29. Rxc8 Rxc8 30. Be4 Rc3 31. Bc2 Kg7 32. Kg2 h6 33. h4 Bc5 34.
Kh3 Be3 35. Kg2 a5 36. Kh2 Kf6 37. Kg2 g5 38. fxg5+ hxg5 39. hxg5+ Kxg5 40. Bd1
f5 41. Bc2 Bd4 42. Bd1 Be5 43. Ra2 Rxg3+ 44. Kf2 Rd3 45. Bf3 Bd4+ 46. Kg3 Rxb3
47. Rxa5 f4+ 48. Kg2 Rb2+ 49. Kh1 Kh4 0-1

[Event "Aeroflot op-B"]
[Site "Moscow RUS"]
[Date "2005.02.17"]
[Round "3"]
[White "Balashov, Yuri"]
[Black "Sambuev, Bator"]
[Result "1/2-1/2"]
[WhiteElo "2469"]
[BlackElo "2536"]
[PlyCount "43"]
[EventDate "2005.02.15"]
[EventType "swiss"]
[EventRounds "9"]
[EventCountry "RUS"]
[Source "Mark Crowther"]
[SourceDate "2005.05.30"]

1. c4 Nf6 2. Nc3 e5 3. g3 Bb4 4. Bg2 O-O 5. e4 a5 6. Nge2 Nc6 7. O-O Bc5 8. d3
d6 9. h3 Nd4 10. Kh2 c6 11. f4 exf4 12. Bxf4 Qe7 13. Qd2 Nd7 14. Be3 Nxe2 15.
Qxe2 Bxe3 16. Qxe3 Ne5 17. b3 Be6 18. d4 Ng6 19. Rae1 f6 20. Nd5 Qd8 21. Nf4
Bf7 22. Qc3 1/2-1/2

[Event "Aeroflot op-B"]
[Site "Moscow RUS"]
[Date "2005.02.18"]
[Round "4"]
[White "Sambuev, Bator"]
[Black "Lopez Martinez, J."]
[Result "0-1"]
[WhiteElo "2536"]
[BlackElo "2468"]
[PlyCount "86"]
[EventDate "2005.02.15"]
[EventType "swiss"]
[EventRounds "9"]
[EventCountry "RUS"]
[Source "Mark Crowther"]
[SourceDate "2005.05.30"]

1. Nf3 Nf6 2. c4 e6 3. g3 d5 4. Bg2 c6 5. b3 Nbd7 6. O-O Be7 7. Bb2 O-O 8. d3
b6 9. Nbd2 Bb7 10. e4 Nc5 11. e5 Ne8 12. Ne1 a5 13. d4 Na6 14. cxd5 cxd5 15. f4
a4 16. g4 a3 17. Bc1 Nb4 18. Ndf3 Qd7 19. Rf2 Nc7 20. Bd2 Nb5 21. f5 exf5 22.
gxf5 Qxf5 23. Nh4 Qxf2+ 24. Kxf2 Bxh4+ 25. Kg1 Be7 26. Nf3 Rac8 27. Bxb4 Bxb4
28. Qd3 Nc3 29. Ng5 g6 30. Qh3 h5 31. Qe3 Rce8 32. Nh3 Ne4 33. Bxe4 dxe4 34.
Qh6 Be7 35. Rf1 e3 36. Qxe3 Rd8 37. Rc1 Rc8 38. e6 Rxc1+ 39. Qxc1 Bf6 40. exf7+
Rxf7 41. Qe3 Re7 42. Qf4 Kg7 43. Qd6 Re1+ 0-1

[Event "Aeroflot op-B"]
[Site "Moscow RUS"]
[Date "2005.02.20"]
[Round "6"]
[White "Sambuev, Bator"]
[Black "Panarin, Michail"]
[Result "0-1"]
[WhiteElo "2536"]
[BlackElo "2475"]
[PlyCount "68"]
[EventDate "2005.02.15"]
[EventType "swiss"]
[EventRounds "9"]
[EventCountry "RUS"]
[Source "Mark Crowther"]
[SourceDate "2005.05.30"]

1. Nf3 Nf6 2. c4 c6 3. e3 d5 4. Qc2 a6 5. b3 Bg4 6. Bb2 Nbd7 7. Be2 e6 8. d3 h6
9. Nbd2 Bd6 10. h3 Bh5 11. g4 Bg6 12. h4 Nxg4 13. h5 Bh7 14. Rg1 f5 15. Nd4 Qe7
16. Bxg4 fxg4 17. O-O-O e5 18. Ne2 O-O 19. Rdf1 Nc5 20. e4 dxe4 21. dxe4 Qg5
22. Kb1 Qxh5 23. b4 Ne6 24. c5 Bc7 25. f3 gxf3 26. Ng3 Qh3 27. Nxf3 Kh8 28.
Nxe5 Rxf1+ 29. Nxf1 Rf8 30. Ng3 h5 31. Qd2 h4 32. Nf5 Rxf5 33. Ng6+ Bxg6 34.
Rxg6 Qh1+ 0-1

[Event "Aeroflot op-B"]
[Site "Moscow RUS"]
[Date "2005.02.21"]
[Round "7"]
[White "Kosintseva, Nadezhda"]
[Black "Sambuev, Bator"]
[Result "1-0"]
[WhiteElo "2460"]
[BlackElo "2536"]
[PlyCount "123"]
[EventDate "2005.02.15"]
[EventType "swiss"]
[EventRounds "9"]
[EventCountry "RUS"]
[Source "ChessBase"]
[SourceDate "2005.11.24"]

1. e4 e6 2. d4 d5 3. Nc3 Nf6 4. Bg5 dxe4 5. Nxe4 Be7 6. Bxf6 gxf6 7. Bd3 f5 8.
Ng3 c5 9. dxc5 Qa5+ 10. c3 Qxc5 11. Nf3 Nc6 12. O-O O-O 13. Qe2 f4 14. Qe4 f5
15. Qxf4 e5 16. Qh6 Rf6 17. Qh5 e4 18. Ng5 h6 19. Qe8+ Bf8 20. Nh5 hxg5 21.
Nxf6+ Kg7 22. Nh5+ Kh6 23. Bb5 Qxb5 24. Qxf8+ Kxh5 25. Qg7 g4 26. Rad1 Qe5 27.
Qh7+ Kg5 28. Qg8+ Kh5 29. Qh7+ Kg5 30. Qg8+ Kh5 31. Rfe1 Qe6 32. Qf8 Qh6 33.
Qe8+ Qg6 34. Rxe4 Qxe8 35. Rxe8 Kg6 36. Rde1 Kg7 37. b4 b5 38. f3 gxf3 39. gxf3
Rb8 40. Kf2 Kf7 41. Rh8 Bb7 42. Rh7+ Kf6 43. Rd1 Ba8 44. f4 Ke6 45. Rhd7 Ne7
46. R1d6+ Kf7 47. Rh6 Re8 48. Rxa7 Be4 49. Rb6 Rd8 50. Rxb5 Kf8 51. h4 Ng6 52.
h5 Nxf4 53. h6 Kg8 54. Rba5 Nd3+ 55. Kf1 Kh8 56. Re7 Nc1 57. Raa7 Bd3+ 58. Kf2
f4 59. Re1 Ne2 60. Rxe2 Bxe2 61. Kxe2 Rc8 62. b5 1-0

[Event "Aeroflot op-B"]
[Site "Moscow RUS"]
[Date "2005.02.22"]
[Round "8"]
[White "Sambuev, Bator"]
[Black "Kholmov, Ratmir"]
[Result "1/2-1/2"]
[WhiteElo "2536"]
[BlackElo "2434"]
[PlyCount "89"]
[EventDate "2005.02.15"]
[EventType "swiss"]
[EventRounds "9"]
[EventCountry "RUS"]
[Source "ChessBase"]
[SourceDate "2005.11.24"]

1. e4 d5 2. exd5 Qxd5 3. Nc3 Qd6 4. d4 Nf6 5. Bc4 Bg4 6. f3 Bf5 7. Nge2 Nc6 8.
d5 Nb4 9. Nd4 Bg6 10. Qe2 a6 11. Ne4 Qd7 12. Bg5 Nbxd5 13. O-O-O O-O-O 14. Bxa6
e5 15. Nb3 Qc6 16. Bb5 Qb6 17. Bc4 h6 18. Nxf6 gxf6 19. Bh4 c6 20. Bf2 Qc7 21.
Nc5 Qa5 22. Ne4 f5 23. Be1 Qb6 24. Nc3 Qe3+ 25. Bd2 Qxe2 26. Nxe2 b5 27. Bb3
Bc5 28. Ba5 Nb6 29. Bc3 Rxd1+ 30. Rxd1 Re8 31. a3 f4 32. Ba5 Re7 33. Nc3 Be3+
34. Kb1 Rd7 35. Rxd7 Kxd7 36. a4 bxa4 37. Nxa4 Nxa4 38. Bxa4 Bg1 39. b4 e4 40.
b5 cxb5 41. Bxb5+ Kd6 42. h3 Bc5 43. fxe4 Bxe4 44. Bf1 h5 45. Kc1 1/2-1/2

[Event "Aeroflot op-B"]
[Site "Moscow RUS"]
[Date "2005.02.23"]
[Round "9"]
[White "Krapivin, Alexander"]
[Black "Sambuev, Bator"]
[Result "1-0"]
[WhiteElo "2422"]
[BlackElo "2536"]
[PlyCount "59"]
[EventDate "2005.02.15"]
[EventType "swiss"]
[EventRounds "9"]
[EventCountry "RUS"]
[Source "ChessBase"]
[SourceDate "2005.11.24"]

1. e4 e6 2. d4 d5 3. e5 c5 4. c3 Nc6 5. Nf3 Qb6 6. a3 Nh6 7. b4 cxd4 8. cxd4
Nf5 9. Be3 Bd7 10. Bd3 Rc8 11. O-O Nxe3 12. fxe3 Be7 13. Nbd2 O-O 14. Nb3 a5
15. b5 Nb8 16. a4 Rc3 17. Nc1 Rfc8 18. Ne2 R3c7 19. Qe1 Be8 20. Qg3 Nd7 21. Rf2
f5 22. exf6 Nxf6 23. Raf1 Bh5 24. Ne5 Bxe2 25. Rxe2 Rc1 26. Ref2 Rxf1+ 27. Rxf1
Qd6 28. Qh3 h6 29. g4 Nd7 30. Qh5 1-0

[Event "Tula Afromeev mem"]
[Site "Tula RUS"]
[Date "2004.07.07"]
[Round "1"]
[White "Sambuev, Bator"]
[Black "Khruschiov, Alexey"]
[Result "1-0"]
[WhiteElo "2562"]
[BlackElo "2440"]
[PlyCount "45"]
[EventDate "2004.07.07"]
[EventType "tourn"]
[EventRounds "15"]
[EventCountry "RUS"]
[EventCategory "8"]
[Source "ChessBase"]
[SourceDate "2005.11.24"]

1. d4 Nf6 2. c4 g6 3. Nc3 Bg7 4. e4 d6 5. Nf3 O-O 6. h3 c5 7. d5 e6 8. Bd3 exd5
9. exd5 Re8+ 10. Be3 Bh6 11. O-O Bxe3 12. fxe3 Rxe3 13. Qd2 Re8 14. Qh6 Nbd7
15. Ng5 Qe7 16. Nce4 Qe5 17. Rae1 Qd4+ 18. Kh1 Rd8 19. Nxf7 Kxf7 20. Ng5+ Kg8
21. Ne6 Ng4 22. hxg4 Qxb2 23. Rf7 1-0

[Event "Tula Afromeev mem"]
[Site "Tula RUS"]
[Date "2004.07.08"]
[Round "2"]
[White "Novikov, Maxim"]
[Black "Sambuev, Bator"]
[Result "1/2-1/2"]
[WhiteElo "2498"]
[BlackElo "2562"]
[PlyCount "22"]
[EventDate "2004.07.07"]
[EventType "tourn"]
[EventRounds "15"]
[EventCountry "RUS"]
[EventCategory "8"]
[Source "ChessBase"]
[SourceDate "2005.11.24"]

1. e4 e6 2. d4 d5 3. exd5 exd5 4. Bd3 c5 5. dxc5 Bxc5 6. Nd2 Nf6 7. Qe2+ Be6 8.
Nb3 Bb6 9. Nf3 O-O 10. O-O Re8 11. Bg5 Nbd7 1/2-1/2